000 01106 a2200217 4500
005 2008091107317.0
008 080911t xxu||||| |||| 00| 0 hin d
010 _aHIN-79623
020 _a8173120293
_c250.00
035 _aHN-51969
037 _bD.B.Act / pub
082 _a653.14
100 _aगौतम, रूपचन्द
245 _aमानक डिक्टेशन
_cरूपचन्द गौतम
246 _aManak Dication
_bby Roopchand Gautam
260 _aदिल्ली
_bश्री नटराज प्रकाशन
_c2006
270 _aए-507/12,करतार नगर,बाबा श्यामगिरि मार्ग,साउथ गांवड़ी एक्सटेंशन
_bदिल्ली
_e110 053
_k22941694
300 _a160पृ
_c22 सेमी (सजिल्द)
942 _adpl
_cHN
_k653.14 / गौतम
_2ddc
_h653.14
_mगौतम
999 _c3421
_d3421